Las tres dimensiones fundamentales de un problema didáctico : el caso del álgebra elemental

Con el fin de caracterizar el objeto de estudio de la Didáctica de las Matemáticas, proponemos un patrón heurístico del desarrollo de los problemas didácticos y lo ejemplificamos con el álgebra elemental. El patrón está estructurado en torno a las tres dimensiones básicas o fundamentales de dichos p...

Full description

Bibliographic Details
Main Author: Gascón, Josep
Format: Analitica de revista
Language:Spanish
Published: México : Universidad Nacional Hermilio Valdizán, 2011.
Online Access:Acceso electrónico al documento

MARC

LEADER 00000nam a22000007a 4500
008 251016s2011 mx |||| |||| 00| 0 spa d
040 |a UAHC  |c UAHC 
100 |a Gascón, Josep  |9 13808 
245 1 0 |a Las tres dimensiones fundamentales de un problema didáctico :  |b el caso del álgebra elemental  |c Josep Gascón. 
260 |a México :  |b Universidad Nacional Hermilio Valdizán,  |c 2011. 
300 |a 29 páginas. 
500 |a En : Revista latinoamericana de investigación en matemática educativa, volumen 14, número 2. 2011. Desde la página 203 a la 231. 
520 |a Con el fin de caracterizar el objeto de estudio de la Didáctica de las Matemáticas, proponemos un patrón heurístico del desarrollo de los problemas didácticos y lo ejemplificamos con el álgebra elemental. El patrón está estructurado en torno a las tres dimensiones básicas o fundamentales de dichos problemas cuando son construidos en el ámbito de la Teoría Antropológica de lo Didáctico: la epistemológica que sitúa a lo matemático en el corazón del problema; la económico institucional que despersonaliza la problemática didáctica y delimita la unidad mínima de análisis de los procesos de estudio, y la ecológica, que enfatiza las condiciones necesarias para que sea posible el estudio institucionalizado de las matemáticas y pone de manifiesto las restricciones de todo tipo que inciden sobre dicho estudio. 
856 |y Acceso electrónico al documento  |u http://www.scielo.org.mx/pdf/relime/v14n2/v14n2a4.pdf 
942 |c REVA 
952 |0 0  |1 0  |4 0  |6 RECURSO_ELECTRÓNICO  |7 0  |8 COMP  |9 101383  |a BR  |b BR  |c Digital  |d 2025-10-16  |l 0  |o Recurso electrónico  |r 2025-10-16 20:20:27  |w 2025-10-16  |y REVA  |B PBAS 
999 |c 63097  |d 63097